MARC

LEADER 00000nam0a2200000 4500
001 374480
005 20231102012644.0
035 |a (RuTPU)RU\TPU\retro\31914 
035 |a RU\TPU\book\271743 
090 |a 374480 
100 |a 20221219d1964 k y0rusy50 ca 
101 1 |a rus  |c eng 
102 |a RU 
105 |a y z 001zy 
200 1 |a Физическая природа химической связи  |e пер. с англ.  |f К. Рюденберг 
210 |a Москва  |c Мир  |d 1964 
215 |a 162 с.  |c ил. 
320 |a Библиогр.: с. 157-159. 
606 1 |a Физика теоретическая  |2 stltpush  |3 (RuTPU)RU\TPU\subj\63728  |9 80703 
606 1 |a Химическая связь  |2 stltpush  |3 (RuTPU)RU\TPU\subj\70611  |9 84817 
610 1 |a понятия 
610 1 |a соотношения 
610 1 |a интерференционное разложение 
610 1 |a деление-проникновение 
610 1 |a заряд 
610 1 |a перенос 
610 1 |a энергия 
610 1 |a ковалентная связь 
675 |a 530.1  |v 3 
675 |a 544.14  |v 3 
700 1 |a Рюденберг  |b К. 
801 1 |a RU  |b 63413507  |c 20140206 
801 2 |a RU  |b 63413507  |c 20221219  |g RCR 
942 |c BK